000567366 001__ 567366 000567366 005__ 20241106090320.0 000567366 0247_ $$2doi$$a10.1007/s10357-015-2944-0 000567366 0247_ $$2ISSN$$a0172-1631 000567366 0247_ $$2ISSN$$a1439-0515 000567366 0247_ $$2SCOPUS$$aSCOPUS:2-s2.0-84954459618 000567366 037__ $$aRWTH-2016-00797 000567366 041__ $$aGerman 000567366 082__ $$a570 000567366 1001_ $$0P:(DE-82)IDM00295$$aFrenz, Walter$$b0$$urwth 000567366 245__ $$aUnsicherheiten in der FFH-Verträglichkeitsprüfung$$hprint, online 000567366 260__ $$aBerlin$$bSpringer$$c2016 000567366 3367_ $$00$$2EndNote$$aJournal Article 000567366 3367_ $$2DRIVER$$aarticle 000567366 3367_ $$0PUB:(DE-HGF)16$$2PUB:(DE-HGF)$$aJournal Article$$bjournal$$mjournal 000567366 3367_ $$2BibTeX$$aARTICLE 000567366 3367_ $$2DataCite$$aOutput Types/Journal article 000567366 3367_ $$2ORCID$$aJOURNAL_ARTICLE 000567366 5203_ $$lger 000567366 520__ $$leng 000567366 591__ $$aGermany 000567366 773__ $$0PERI:(DE-600)2151415-X$$a10.1007/s10357-015-2944-0$$n1$$p30-37$$tNatur und Recht$$v38$$x0172-1631$$y2016 000567366 909CO $$ooai:publications.rwth-aachen.de:567366$$pVDB 000567366 9151_ $$0StatID:(DE-HGF)0031$$2StatID$$aPeer reviewed article$$x0 000567366 915__ $$0StatID:(DE-HGF)0200$$2StatID$$aDBCoverage$$bSCOPUS 000567366 9201_ $$0I:(DE-82)511220_20140620$$k511220$$lLehr- und Forschungsgebiet Berg-, Umwelt- und Europarecht$$x0 000567366 9201_ $$0I:(DE-82)510000_20140620$$k510000$$lFachgruppe Rohstoffe$$x1 000567366 961__ $$c2016-01-28T14:30:15.788641$$x2016-01-28T14:30:15.788641$$z2016-01-29 000567366 980__ $$ajournal 000567366 980__ $$aUNRESTRICTED 000567366 980__ $$aVDB 000567366 980__ $$aI:(DE-82)511220_20140620 000567366 980__ $$aI:(DE-82)510000_20140620